[Event "DEN-ch sf2"]
[Site "Svendborg"]
[Date "2024.03.29"]
[Round "2"]
[White "Ambirk, Jan Robert"]
[Black "Loveid, Erik"]
[Result "1/2-1/2"]
[WhiteElo "1829"]
[BlackElo "1975"]
[PlyCount "164"]
[EventDate "2024.03.29"]
[EventType "swiss"]
[EventRounds "7"]
[EventCountry "DEN"]
[SourceTitle "CB16_2024"]
[SourceDate "2024.04.17"]
[SourceVersion "1"]
[SourceVersionDate "2024.04.17"]
[SourceQuality "1"]

1. c4 c6 2. Nf3 d5 3. Qa4 dxc4 4. Qxc4 Nf6 5. d3 g6 6. g3 Bg7 7. Bg2 0-0 8. Bd2 Be6 9. Qc1 Na6 10. 0-0 Qc8 11. Bh6 Bh3 12. Bxg7 Kxg7 13. Nbd2 Bxg2 14. Kxg2 Qe6 15. Qc4 Qd6 16. Ne4 Nxe4 17. Qxe4 Nc5 18. Qe5+ f6 19. Qxd6 exd6 20. b4 Ne6 21. d4 Nc7 22. Nd2 Rfe8 23. e3 Rad8 24. Rfc1 Re7 25. Nb3 Nd5 26. a3 f5 27. Na5 g5 28. Re1 Rde8 29. Nc4 Rd8 30. Na5 Rde8 31. Nc4 Re6 32. Nd2 R8e7 33. h3 Re8 34. Rab1 Nc3 35. Rbc1 Nb5 36. Nb3 Nxa3 37. d5 Re4 38. Nd4 Kf6 39. dxc6 bxc6 40. Ra1 c5 41. bxc5 dxc5 42. Rxa3 cxd4 43. Rxa7 dxe3 44. Rxe3 Rxe3 45. fxe3 h5 46. Kf2 Re6 47. Ra4 Rd6 48. Ra2 Ke5 49. Ke2 Rb6 50. Ra5+ Kf6 51. Ra2 Kg6 52. Ra8 Rb2+ 53. Kf1 Rh2 54. Rg8+ Kf6 55. Rf8+ Ke5 56. Re8+ Kd5 57. Rg8 g4 58. hxg4 hxg4 59. Re8 Rh6 60. Kf2 Rb6 61. Rd8+ Ke6 62. Rd2 Ke5 63. Ra2 Rb4 64. Ke2 Ke4 65. Kf2 Kd3 66. Ra3+ Ke4 67. Ra2 Rb1 68. Ra4+ Ke5 69. Ra5+ Kf6 70. Ra2 Rd1 71. Kg2 Rc1 72. Kf2 Ke5 73. Ra5+ Kf6 74. Ra2 Rd1 75. Ra6+ Ke5 76. Ra5+ Ke4 77. Ra4+ Ke5 78. Ra5+ Rd5 79. Ra2 Rd1 80. Ra5+ Rd5 81. Ra2 Rd1 82. Ra5+ Rd5 1/2-1/2

[Event "DEN-ch sf2"]
[Site "Svendborg"]
[Date "2024.03.29"]
[Round "7"]
[White "Bekmukhanov, Sauran"]
[Black "Ambirk, Jan Robert"]
[Result "0-1"]
[WhiteElo "1862"]
[BlackElo "1829"]
[PlyCount "66"]
[EventDate "2024.03.29"]
[EventType "swiss"]
[EventRounds "7"]
[EventCountry "DEN"]
[SourceTitle "CB16_2024"]
[SourceDate "2024.04.17"]
[SourceVersion "1"]
[SourceVersionDate "2024.04.17"]
[SourceQuality "1"]

1. e4 e5 2. Nf3 Nf6 3. Bc4 Nxe4 4. Qe2 d5 5. Nxe5 Be6 6. 0-0 Bc5 7. Bb3 0-0 8. d3 Qf6 9. Nf3 Nd6 10. Nc3 c6 11. h3 Nf5 12. Bg5 Qg6 13. h4 h6 14. Ne5 Qh7 15. Bf4 Nxh4 16. Na4 Bd4 17. c3 Bxe5 18. Bxe5 Nd7 19. d4 Qg6 20. f4 b5 21. Nc5 Nxc5 22. dxc5 Rfe8 23. Rf2 Bg4 24. Qf1 Nf5 25. Bc2 Qh5 26. Qd3 Qg6 27. Rc1 Re6 28. a4 a6 29. b4 Rae8 30. Qd2 Qh5 31. Bd1 Ng3 32. Rf3 Qh1+ 33. Kf2 Ne4+ 0-1

[Event "Naestved Host EMT A"]
[Site "Naestved"]
[Date "2015.09.05"]
[Round "3"]
[White "Ambirk, Jan Robert"]
[Black "Olsen, Nils Linde"]
[Result "0-1"]
[WhiteElo "1795"]
[BlackElo "2214"]
[PlyCount "92"]
[EventDate "2015.08.24"]
[EventType "swiss"]
[EventRounds "7"]
[EventCountry "DEN"]
[SourceTitle "EXT 2024"]
[Source "ChessBase"]
[SourceDate "2023.10.10"]
[SourceVersion "1"]
[SourceVersionDate "2023.10.10"]
[SourceQuality "1"]

1. e4 c5 2. Nc3 e6 3. f4 d5 4. Bb5+ Bd7 5. Bxd7+ Qxd7 6. Nf3 Nc6 7. d3 d4 8. Nb1 Nf6 9. Nbd2 Qc7 10. Nc4 b5 11. Nce5 Nxe5 12. Nxe5 Bd6 13. Nxf7 Kxf7 14. e5 Bxe5 15. fxe5 Qxe5+ 16. Qe2 Qxe2+ 17. Kxe2 e5 18. Rf1 Ke6 19. Bg5 Nd5 20. Rae1 a5 21. Rf3 Rhf8 22. Ref1 Rxf3 23. Rxf3 Nb4 24. a3 Nxc2 25. Rg3 b4 26. Bc1 Ra7 27. Kd1 Na1 28. a4 Rf7 29. Ke2 Nb3 30. Bg5 h6 31. Bd8 Kd7 32. Bb6 Kc6 33. Bd8 Rd7 34. Rg6+ Rd6 35. Rxd6+ Kxd6 36. Kd1 Kd5 37. Kc2 c4 38. Bc7 e4 39. dxc4+ Kxc4 40. Be5 d3+ 41. Kd1 g6 42. Bc7 e3 43. Bb6 e2+ 44. Ke1 Na1 45. Kd2 Nc2 46. b3+ Kxb3 0-1